00452nam a2200145 a 450000100100000000500170001000800410002704000250006808200160009310000310010924500710014026000420021130000270025350000260028000003062120240226130804.0110525s1985 dr a r 000 p spa d aDO-SdBNPbspacBNPHU axxxxbV635e1 aVicioso, Sherezada,d1948-13aUn extraño ulular traía el viento :bpoemas /cChiqui Vicioso. aSanto Domingo :bAlfa & Omega,c1985. a82 p. :bil. ;c28 cm. aInventariado, 2019/BT